[Event "2023 National K-12 Grade Championships"]
[Site "Orlando, Florida, United States"]
[Date "2023.12.16"]
[Round "3.11"]
[White "Zhang, Roger"]
[Black "Sahai, Neel"]
[Result "1-0"]
[TimeControl "G/90;d10"]
[WhiteElo "2214"]
[BlackElo "1980"]

1. e4 {[%clk 01:30:00]} {[%emt 00:00:01]} c6 {[%clk 01:15:40]} {[%emt
00:14:30]} 2. d4 {[%clk 01:30:00]} {[%emt 00:00:03]} d5 {[%clk 01:15:40]}
{[%emt 00:00:08]} 3. Nc3 {[%clk 01:30:00]} {[%emt 00:00:02]} dxe4 {[%clk
01:15:40]} {[%emt 00:00:06]} 4. Nxe4 {[%clk 01:30:00]} {[%emt 00:00:02]} Bf5
{[%clk 01:15:40]} {[%emt 00:00:10]} 5. Ng3 {[%clk 01:30:00]} {[%emt 00:00:03]}
Bg6 {[%clk 01:15:40]} {[%emt 00:00:08]} 6. h4 {[%clk 01:30:00]} {[%emt
00:00:01]} h6 {[%clk 01:15:40]} {[%emt 00:00:08]} 7. Nf3 {[%clk 01:30:00]}
{[%emt 00:00:02]} e6 {[%clk 01:15:38]} {[%emt 00:00:12]} 8. h5 {[%clk
01:29:40]} {[%emt 00:00:30]} Bh7 {[%clk 01:14:57]} {[%emt 00:00:51]} 9. Bd3
{[%clk 01:29:40]} {[%emt 00:00:03]} Bxd3 {[%clk 01:14:57]} {[%emt 00:00:06]} 10.
Qxd3 {[%clk 01:29:40]} {[%emt 00:00:04]} Bd6 {[%clk 01:12:48]} {[%emt
00:02:17]} 11. Ne4 {[%clk 01:27:05]} {[%emt 00:02:47]} Nf6 {[%clk 01:12:48]}
{[%emt 00:00:08]} 12. Bd2 {[%clk 01:26:20]} {[%emt 00:00:55]} Nxe4 {[%clk
01:09:22]} {[%emt 00:03:36]} 13. Qxe4 {[%clk 01:26:20]} {[%emt 00:00:04]} Nd7
{[%clk 01:09:22]} {[%emt 00:00:01]} 14. O-O-O {[%clk 01:26:05]} {[%emt
00:00:25]} Qe7 {[%clk 01:09:03]} {[%emt 00:00:29]} 15. Kb1 {[%clk 01:24:34]}
{[%emt 00:01:41]} O-O-O {[%clk 01:06:44]} {[%emt 00:02:29]} 16. c4 {[%clk
01:24:05]} {[%emt 00:00:38]} e5 {[%clk 00:54:00]} {[%emt 00:12:54]} 17. dxe5
{[%clk 01:20:28]} {[%emt 00:03:48]} Nxe5 {[%clk 00:52:37]} {[%emt 00:01:33]} 18.
Ba5 {[%clk 01:12:08]} {[%emt 00:08:29]} Rd7 {[%clk 00:26:31]} {[%emt 00:26:17]}
19. Nh4 {[%clk 01:06:28]} {[%emt 00:05:49]} Qe6 {[%clk 00:24:18]} {[%emt
00:02:24]} 20. Rhe1 {[%clk 00:55:17]} {[%emt 00:11:22]} Qxc4 {[%clk 00:15:06]}
{[%emt 00:09:22]} 21. Nf5 {[%clk 00:45:46]} {[%emt 00:09:40]} Qxe4+ {[%clk
00:12:03]} {[%emt 00:03:13]} 22. Rxe4 {[%clk 00:45:46]} {[%emt 00:00:03]} Bb8
{[%clk 00:11:39]} {[%emt 00:00:34]} 23. Rxd7 {[%clk 00:43:43]} {[%emt
00:02:13]} Kxd7 {[%clk 00:11:39]} {[%emt 00:00:05]} 24. f4 {[%clk 00:43:00]}
{[%emt 00:00:53]} g6 {[%clk 00:11:12]} {[%emt 00:00:36]} 25. Ne3 {[%clk
00:42:46]} {[%emt 00:00:25]} f5 {[%clk 00:04:06]} {[%emt 00:07:16]} 26. Rd4+
{[%clk 00:41:31]} {[%emt 00:01:24]} Ke6 {[%clk 00:02:40]} {[%emt 00:01:37]} 27.
fxe5 {[%clk 00:41:31]} {[%emt 00:00:04]} Bxe5 {[%clk 00:02:35]} {[%emt
00:00:15]} 28. Rd1 {[%clk 00:41:31]} {[%emt 00:00:04]} Bf4 {[%clk 00:00:29]}
{[%emt 00:02:17]} 29. Re1 {[%clk 00:40:13]} {[%emt 00:01:28]} Kf7 {[%clk
00:00:29]} 30. hxg6+ {[%clk 00:39:57]} {[%emt 00:00:26]} Kxg6 {[%clk 00:00:29]}
{[%emt 00:00:04]} 31. Nc4 {[%clk 00:39:44]} {[%emt 00:00:23]} Rg8 {[%clk
00:00:05]} {[%emt 00:00:35]} 32. Bc3 {[%clk 00:38:48]} {[%emt 00:01:05]} Kh5
{[%clk 00:00:04]} {[%emt 00:00:11]} 33. Rf1 {[%clk 00:37:31]} {[%emt 00:01:27]}
Rg4 {[%clk 00:00:04]} {[%emt 00:00:08]} 34. Ne5 {[%emt 00:02:23]} Bxe5 {[%clk
00:00:04]} {[%emt 00:00:08]} 35. Rxf5+ {[%clk 00:35:19]} {[%emt 00:00:05]} Kg6
{[%clk 00:00:04]} {[%emt 00:00:03]} 36. Rxe5 {[%clk 00:35:19]} {[%emt
00:00:02]} Rxg2 {[%clk 00:00:02]} {[%emt 00:00:13]} 37. Re7 {[%clk 00:35:19]}
{[%emt 00:00:02]} Kh5 {[%clk 00:00:01]} {[%emt 00:00:12]} 38. Rxb7 {[%clk
00:35:19]} {[%emt 00:00:04]} Rg6 {[%clk 00:00:01]} {[%emt 00:00:09]} 39. Rxa7
{[%clk 00:35:19]} {[%emt 00:00:05]} Kg4 {[%clk 00:00:01]} {[%emt 00:00:04]} 40.
Rg7 {[%clk 00:35:19]} {[%emt 00:00:03]} 1-0

[Event "2023 National K-12 Grade Championships"]
[Site "Orlando, Florida, United States"]
[Date "2023.12.16"]
[Round "3.12"]
[White "Malireddy, Karthikeya"]
[Black "Hardaway, Brewington"]
[Result "0-1"]
[TimeControl "G/90;d10"]
[WhiteElo "1942"]
[BlackElo "2457"]

1. e4 {[%clk 01:30:00]} {[%emt 00:00:03]} g6 {[%clk 01:30:00]} {[%emt
00:00:06]} 2. d4 {[%clk 01:29:49]} {[%emt 00:00:21]} Bg7 {[%clk 01:30:00]}
{[%emt 00:00:02]} 3. Nc3 {[%clk 01:28:53]} {[%emt 00:01:05]} c6 {[%clk
01:29:11]} {[%emt 00:01:01]} 4. Be3 {[%clk 01:19:12]} {[%emt 00:09:51]} d6
{[%clk 01:29:06]} {[%emt 00:00:15]} 5. Qd2 {[%emt 00:04:06]} b5 {[%clk
01:25:58]} 6. O-O-O {[%clk 01:08:07]} {[%emt 00:10:37]} a5 {[%clk 01:23:50]}
{[%emt 00:02:16]} 7. h4 {[%clk 01:04:55]} {[%emt 00:03:23]} h5 {[%clk
01:22:10]} {[%emt 00:01:50]} 8. f3 {[%clk 01:01:41]} {[%emt 00:03:25]} b4
{[%clk 01:21:54]} {[%emt 00:00:26]} 9. Nb1 {[%clk 00:59:28]} {[%emt 00:02:22]}
Nf6 {[%clk 01:21:44]} {[%emt 00:00:19]} 10. Nh3 {[%clk 00:56:41]} {[%emt
00:02:58]} Nbd7 {[%clk 01:19:33]} {[%emt 00:02:21]} 11. Nf2 {[%clk 00:51:25]}
{[%emt 00:05:26]} Qc7 {[%clk 01:06:55]} {[%emt 00:12:48]} 12. g4 {[%clk
00:44:20]} {[%emt 00:07:15]} Nb6 {[%clk 01:06:35]} {[%emt 00:00:30]} 13. Be2
{[%clk 00:42:09]} {[%emt 00:02:21]} Bb7 {[%clk 01:00:12]} {[%emt 00:06:33]} 14.
g5 {[%clk 00:26:27]} {[%emt 00:15:51]} Nfd7 {[%clk 00:59:58]} {[%emt 00:00:25]}
15. f4 {[%clk 00:26:13]} {[%emt 00:00:25]} c5 {[%clk 00:59:09]} {[%emt
00:01:00]} 16. Rhg1 {[%clk 00:19:57]} {[%emt 00:06:25]} d5 {[%clk 00:49:36]}
{[%emt 00:09:42]} 17. f5 {[%clk 00:13:56]} {[%emt 00:06:11]} O-O-O {[%clk
00:46:34]} {[%emt 00:03:13]} 18. Bf4 {[%clk 00:10:27]} {[%emt 00:03:38]} Qc6
{[%clk 00:46:34]} {[%emt 00:00:02]} 19. fxg6 {[%clk 00:08:24]} {[%emt
00:02:14]} dxe4 {[%clk 00:34:03]} {[%emt 00:12:40]} 20. gxf7 {[%clk 00:04:35]}
{[%emt 00:03:59]} cxd4 {[%clk 00:34:03]} {[%emt 00:00:10]} 21. Nh3 {[%clk
00:04:06]} {[%emt 00:00:39]} e5 {[%clk 00:33:58]} {[%emt 00:00:15]} 22. Bh2
{[%clk 00:03:44]} {[%emt 00:00:32]} Qe6 {[%clk 00:33:35]} {[%emt 00:00:32]} 23.
Bf1 {[%clk 00:03:09]} {[%emt 00:00:47]} Qxf7 {[%clk 00:32:23]} {[%emt
00:01:22]} 24. b3 {[%clk 00:02:44]} {[%emt 00:00:36]} e3 {[%clk 00:29:20]}
{[%emt 00:03:12]} 25. Qd3 {[%clk 00:02:38]} {[%emt 00:00:16]} Qd5 {[%clk
00:27:39]} {[%emt 00:01:51]} 26. Qg6 {[%clk 00:01:53]} {[%emt 00:00:55]} Bf8
{[%clk 00:26:58]} {[%emt 00:00:52]} 27. Bg2 {[%clk 00:01:52]} {[%emt 00:00:11]}
Qc5 {[%clk 00:26:54]} {[%emt 00:00:10]} 28. Bxb7+ {[%clk 00:01:41]} {[%emt
00:00:24]} Kxb7 {[%clk 00:26:54]} 29. Qe4+ {[%clk 00:01:41]} {[%emt 00:00:07]}
Qc6 {[%clk 00:26:39]} {[%emt 00:00:24]} 30. Qf5 {[%clk 00:01:15]} {[%emt
00:00:37]} Bd6 {[%clk 00:26:01]} {[%emt 00:00:47]} 31. g6 {[%clk 00:01:07]}
{[%emt 00:00:20]} Rhf8 {[%clk 00:22:04]} {[%emt 00:04:07]} 32. Qxh5 {[%clk
00:00:21]} {[%emt 00:00:56]} Rf3 {[%clk 00:22:03]} {[%emt 00:00:11]} 33. g7
{[%clk 00:00:09]} {[%emt 00:00:23]} Rxh3 {[%clk 00:21:52]} {[%emt 00:00:20]} 34.
g8=Q {[%clk 00:00:09]} {[%emt 00:00:03]} Rxg8 {[%clk 00:21:52]} {[%emt
00:00:07]} 0-1

[Event "2023 National K-12 Grade Championships"]
[Site "Orlando, Florida, United States"]
[Date "2023.12.16"]
[Round "3.13"]
[White "Zhao, Erick"]
[Black "Yang, Jack"]
[Result "1-0"]
[TimeControl "G/90;d10"]
[WhiteElo "2441"]
[BlackElo "1950"]

1. e4 {[%clk 01:28:42]} {[%emt 00:01:26]} e5 {[%clk 01:30:00]} {[%emt
00:00:06]} 2. Nf3 {[%clk 01:28:33]} {[%emt 00:00:18]} Nc6 {[%clk 01:30:00]}
{[%emt 00:00:06]} 3. Bb5 {[%clk 01:28:33]} {[%emt 00:00:05]} a6 {[%clk
01:30:00]} {[%emt 00:00:04]} 4. Ba4 {[%clk 01:28:31]} {[%emt 00:00:11]} d6
{[%clk 01:30:00]} {[%emt 00:00:06]} 5. c4 {[%clk 01:28:31]} {[%emt 00:00:09]}
Bd7 {[%clk 01:27:12]} {[%emt 00:02:59]} 6. O-O {[%clk 01:24:31]} {[%emt
00:04:08]} g6 {[%clk 01:26:12]} {[%emt 00:01:12]} 7. d4 {[%clk 01:20:54]}
{[%emt 00:03:47]} Bg7 {[%clk 01:25:51]} {[%emt 00:00:31]} 8. d5 {[%emt
00:03:55]} Nce7 {[%clk 01:24:58]} {[%emt 00:00:59]} 9. Nc3 {[%clk 01:13:24]}
{[%emt 00:03:59]} Nf6 {[%clk 01:23:24]} {[%emt 00:01:44]} 10. h3 {[%clk
00:57:54]} {[%emt 00:15:40]} O-O {[%clk 01:19:30]} {[%emt 00:04:03]} 11. Be3
{[%clk 00:48:11]} {[%emt 00:09:53]} Bxa4 {[%clk 00:50:06]} {[%emt 00:29:36]} 12.
Qxa4 {[%clk 00:48:00]} {[%emt 00:00:20]} Nd7 {[%clk 00:42:48]} {[%emt
00:07:29]} 13. b4 {[%clk 00:46:10]} {[%emt 00:02:00]} b6 {[%clk 00:42:19]}
{[%emt 00:00:39]} 14. c5 {[%clk 00:45:10]} {[%emt 00:01:09]} h6 {[%clk
00:40:31]} {[%emt 00:01:58]} 15. Nd2 {[%clk 00:43:53]} {[%emt 00:01:23]} f5
{[%clk 00:39:57]} {[%emt 00:00:48]} 16. f3 {[%clk 00:43:34]} {[%emt 00:00:28]}
Nf6 {[%clk 00:24:35]} {[%emt 00:15:33]} 17. Qb3 {[%clk 00:39:39]} {[%emt
00:04:05]} Nh5 {[%clk 00:22:38]} {[%emt 00:02:07]} 18. Ne2 {[%clk 00:38:00]}
{[%emt 00:01:49]} Nc8 {[%clk 00:20:35]} {[%emt 00:02:13]} 19. Rac1 {[%clk
00:38:00]} {[%emt 00:00:06]} f4 {[%clk 00:17:23]} {[%emt 00:03:23]} 20. Bf2
{[%clk 00:38:00]} {[%emt 00:00:03]} Bf6 {[%clk 00:17:23]} {[%emt 00:00:07]} 21.
Kh1 {[%clk 00:35:36]} {[%emt 00:02:31]} Bh4 {[%clk 00:17:22]} {[%emt 00:00:12]}
22. Bg1 {[%clk 00:35:36]} {[%emt 00:00:09]} Ng3+ {[%clk 00:16:09]} {[%emt
00:01:24]} 23. Nxg3 {[%clk 00:35:36]} {[%emt 00:00:02]} fxg3 {[%clk 00:16:09]}
{[%emt 00:00:08]} 24. cxb6 {[%clk 00:34:48]} {[%emt 00:00:58]} cxb6 {[%clk
00:15:58]} {[%emt 00:00:21]} 25. Rc6 {[%clk 00:33:55]} {[%emt 00:01:02]} Qd7
{[%clk 00:14:26]} {[%emt 00:01:42]} 26. Be3 {[%clk 00:30:40]} {[%emt 00:03:25]}
Rf7 {[%clk 00:12:57]} {[%emt 00:01:41]} 27. Rfc1 {[%clk 00:30:40]} {[%emt
00:00:09]} Bd8 {[%clk 00:12:18]} {[%emt 00:00:49]} 28. Nf1 {[%clk 00:26:22]}
{[%emt 00:04:27]} Na7 {[%clk 00:10:27]} {[%emt 00:02:02]} 29. R6c2 {[%clk
00:25:48]} {[%emt 00:00:43]} h5 {[%clk 00:05:04]} {[%emt 00:05:34]} 30. Kg1
{[%clk 00:22:56]} {[%emt 00:03:01]} h4 {[%clk 00:05:04]} {[%emt 00:00:10]} 31.
a4 {[%clk 00:22:32]} {[%emt 00:00:33]} Rc8 {[%clk 00:04:29]} {[%emt 00:00:46]}
32. Rxc8 {[%clk 00:22:32]} {[%emt 00:00:08]} Nxc8 {[%clk 00:04:29]} {[%emt
00:00:02]} 33. Qc4 {[%clk 00:22:31]} {[%emt 00:00:11]} Na7 {[%clk 00:03:58]}
{[%emt 00:00:42]} 34. Qxa6 {[%clk 00:22:28]} {[%emt 00:00:12]} Qb7 {[%clk
00:03:58]} {[%emt 00:00:03]} 35. Qxb7 {[%clk 00:21:28]} {[%emt 00:01:10]} Rxb7
{[%clk 00:03:58]} {[%emt 00:00:01]} 36. Nd2 {[%clk 00:21:28]} {[%emt 00:00:08]}
Nb5 {[%clk 00:02:59]} {[%emt 00:01:10]} 37. Rc8 {[%clk 00:21:27]} {[%emt
00:00:11]} Kf7 {[%clk 00:02:58]} {[%emt 00:00:11]} 38. Rxd8 {[%clk 00:21:21]}
{[%emt 00:00:16]} Nc3 {[%clk 00:02:58]} {[%emt 00:00:10]} 39. Rxd6 {[%clk
00:21:12]} {[%emt 00:00:18]} Nxa4 {[%clk 00:02:58]} {[%emt 00:00:03]} 40. Nc4
{[%clk 00:21:12]} {[%emt 00:00:08]} Rc7 {[%clk 00:02:53]} {[%emt 00:00:15]} 41.
Rc6 {[%clk 00:21:12]} {[%emt 00:00:07]} Ra7 {[%clk 00:02:53]} {[%emt 00:00:05]}
42. Nxe5+ {[%clk 00:21:12]} {[%emt 00:00:06]} Ke7 {[%clk 00:02:53]} {[%emt
00:00:02]} 43. Bg5+ {[%clk 00:21:12]} {[%emt 00:00:08]} Kf8 {[%clk 00:02:53]}
{[%emt 00:00:10]} 44. Bxh4 {[%clk 00:21:06]} {[%emt 00:00:16]} Nc3 {[%clk
00:02:53]} {[%emt 00:00:02]} 45. Bxg3 {[%clk 00:21:01]} {[%emt 00:00:14]} Ra1+
{[%clk 00:02:53]} {[%emt 00:00:09]} 46. Kh2 {[%clk 00:21:01]} {[%emt 00:00:04]}
Ne2 {[%clk 00:02:47]} {[%emt 00:00:18]} 47. d6 {[%clk 00:20:58]} {[%emt
00:00:12]} g5 {[%clk 00:02:47]} {[%emt 00:00:02]} 48. d7 {[%clk 00:20:58]}
{[%emt 00:00:11]} Ke7 {[%clk 00:02:47]} {[%emt 00:00:02]} 49. Re6+ {[%clk
00:20:57]} {[%emt 00:00:10]} Kxe6 {[%clk 00:02:44]} {[%emt 00:00:14]} 50. d8=Q
{[%clk 00:20:57]} {[%emt 00:00:03]} g4 {[%clk 00:02:44]} {[%emt 00:00:09]} 51.
Qd7+ {[%clk 00:20:57]} {[%emt 00:00:06]} Kf6 {[%clk 00:02:44]} {[%emt
00:00:02]} 52. Qf7+ {[%clk 00:20:57]} {[%emt 00:00:07]} Kg5 {[%clk 00:02:44]}
{[%emt 00:00:01]} 53. h4+ {[%clk 00:20:57]} {[%emt 00:00:07]} Kh6 {[%clk
00:02:44]} {[%emt 00:00:01]} 54. Nxg4# {[%clk 00:20:56]} {[%emt 00:00:11]} 1-0

[Event "2023 National K-12 Grade Championships"]
[Site "Orlando, Florida, United States"]
[Date "2023.12.16"]
[Round "3.14"]
[White "Kumar, Agrim"]
[Black "Reiss, Aiden"]
[Result "0-1"]
[TimeControl "G/90;d10"]
[WhiteElo "1931"]
[BlackElo "2260"]

1. e4 {[%clk 01:30:00]} {[%emt 00:00:02]} c5 {[%clk 01:18:52]} {[%emt
00:11:19]} 2. Nf3 {[%clk 01:30:00]} {[%emt 00:00:08]} e6 {[%clk 01:18:52]}
{[%emt 00:00:10]} 3. d4 {[%clk 01:29:43]} {[%emt 00:00:28]} cxd4 {[%clk
01:18:52]} {[%emt 00:00:02]} 4. Nxd4 {[%clk 01:29:43]} {[%emt 00:00:09]} Nf6
{[%clk 01:18:52]} {[%emt 00:00:03]} 5. Nc3 {[%clk 01:29:40]} {[%emt 00:00:12]}
Nc6 {[%clk 01:18:52]} {[%emt 00:00:04]} 6. Ndb5 {[%clk 01:28:18]} {[%emt
00:01:32]} Bc5 {[%clk 01:18:14]} {[%emt 00:00:48]} 7. Nd6+ {[%clk 01:24:51]}
{[%emt 00:03:36]} Ke7 {[%clk 01:18:14]} {[%emt 00:00:08]} 8. Nxc8+ {[%clk
01:24:37]} {[%emt 00:00:23]} Rxc8 {[%clk 01:18:14]} {[%emt 00:00:05]} 9. Bg5
{[%clk 01:23:50]} {[%emt 00:00:57]} Qb6 {[%clk 01:14:04]} {[%emt 00:04:20]} 10.
Qd2 {[%clk 01:14:07]} {[%emt 00:09:53]} Bxf2+ {[%clk 01:10:49]} {[%emt
00:03:26]} 11. Qxf2 {[%clk 00:51:32]} {[%emt 00:22:45]} Qxb2 {[%clk 01:10:43]}
{[%emt 00:00:16]} 12. Rd1 {[%clk 00:51:07]} {[%emt 00:00:34]} Qxc3+ {[%clk
01:10:43]} {[%emt 00:00:05]} 13. Bd2 {[%clk 00:50:31]} {[%emt 00:00:46]} Qe5
{[%clk 01:06:41]} {[%emt 00:04:12]} 14. Bd3 {[%clk 00:48:57]} {[%emt 00:01:44]}
Nxe4 {[%clk 01:02:51]} {[%emt 00:04:00]} 15. Qe3 {[%clk 00:45:17]} {[%emt
00:03:51]} Nxd2 {[%clk 00:59:44]} {[%emt 00:03:17]} 16. Kxd2 {[%clk 00:44:08]}
{[%emt 00:01:18]} Qxe3+ {[%clk 00:59:41]} {[%emt 00:00:13]} 17. Kxe3 {[%clk
00:44:08]} {[%emt 00:00:02]} d5 {[%clk 00:59:14]} {[%emt 00:00:38]} 18. Rb1
{[%clk 00:43:31]} {[%emt 00:00:47]} b6 {[%clk 00:59:08]} {[%emt 00:00:16]} 19.
Rhf1 {[%clk 00:42:53]} {[%emt 00:00:47]} Ne5 {[%clk 00:59:07]} {[%emt
00:00:12]} 20. Rf4 {[%clk 00:39:50]} {[%emt 00:03:12]} Nxd3 {[%clk 00:58:18]}
{[%emt 00:01:00]} 21. Kxd3 {[%clk 00:39:48]} {[%emt 00:00:11]} Rc7 {[%clk
00:58:03]} {[%emt 00:00:26]} 22. Rb2 {[%clk 00:37:51]} {[%emt 00:02:06]} Rhc8
{[%clk 00:57:41]} {[%emt 00:00:32]} 23. Ra4 {[%clk 00:35:58]} {[%emt 00:02:03]}
e5 {[%clk 00:57:34]} {[%emt 00:00:18]} 24. Ra3 {[%clk 00:28:33]} {[%emt
00:07:36]} e4+ {[%clk 00:57:09]} {[%emt 00:00:34]} 25. Kd2 {[%clk 00:28:25]}
{[%emt 00:00:17]} d4 {[%clk 00:56:30]} {[%emt 00:00:50]} 26. Ra4 {[%clk
00:23:35]} {[%emt 00:05:01]} Rd7 {[%clk 00:56:01]} {[%emt 00:00:38]} 27. Rbb4
{[%clk 00:20:50]} {[%emt 00:02:54]} Rcd8 {[%clk 00:55:58]} {[%emt 00:00:14]} 28.
g4 {[%clk 00:19:33]} {[%emt 00:01:27]} Ke6 {[%clk 00:55:31]} {[%emt 00:00:37]}
29. Rb5 {[%clk 00:16:38]} {[%emt 00:03:05]} g6 {[%clk 00:54:58]} {[%emt
00:00:43]} 30. Ke2 {[%clk 00:15:47]} {[%emt 00:01:01]} f5 {[%clk 00:54:55]}
{[%emt 00:00:13]} 31. gxf5+ {[%clk 00:14:30]} {[%emt 00:01:27]} gxf5 {[%clk
00:54:55]} {[%emt 00:00:02]} 32. Rc4 {[%clk 00:14:20]} {[%emt 00:00:21]} Rd5
{[%clk 00:54:21]} {[%emt 00:00:43]} 33. Rc6+ {[%clk 00:13:12]} {[%emt
00:01:19]} R8d6 {[%clk 00:53:56]} {[%emt 00:00:35]} 34. Rxd5 {[%clk 00:12:35]}
{[%emt 00:00:47]} Kxd5 {[%clk 00:53:13]} {[%emt 00:00:52]} 35. Rc7 {[%clk
00:12:13]} {[%emt 00:00:32]} Rc6 {[%clk 00:53:13]} {[%emt 00:00:02]} 36. Rd7+
{[%clk 00:11:00]} {[%emt 00:01:26]} Ke5 {[%clk 00:53:11]} {[%emt 00:00:12]} 37.
Kd2 {[%clk 00:10:56]} {[%emt 00:00:13]} Rh6 {[%clk 00:53:07]} {[%emt 00:00:15]}
38. Rxa7 {[%clk 00:09:22]} {[%emt 00:01:45]} Rxh2+ {[%clk 00:53:07]} {[%emt
00:00:02]} 39. Kd1 {[%clk 00:08:51]} {[%emt 00:00:40]} Kf4 {[%clk 00:53:05]}
{[%emt 00:00:12]} 40. Ra3 {[%clk 00:06:29]} {[%emt 00:02:32]} e3 {[%clk
00:52:49]} {[%emt 00:00:26]} 41. c4 {[%clk 00:05:25]} {[%emt 00:01:15]} Ke4
{[%clk 00:52:37]} {[%emt 00:00:22]} 42. Ra8 {[%clk 00:04:25]} {[%emt 00:01:10]}
d3 {[%clk 00:52:37]} {[%emt 00:00:04]} 43. Kc1 {[%clk 00:03:29]} {[%emt
00:01:06]} Rh1+ {[%clk 00:52:37]} {[%emt 00:00:06]} 44. Kb2 {[%clk 00:03:29]}
{[%emt 00:00:02]} d2 {[%clk 00:52:37]} {[%emt 00:00:02]} 45. Re8+ {[%clk
00:03:27]} {[%emt 00:00:12]} Kf3 {[%clk 00:52:37]} {[%emt 00:00:02]} 46. Rd8
{[%clk 00:02:53]} {[%emt 00:00:44]} d1=Q {[%clk 00:52:37]} {[%emt 00:00:05]}
0-1

[Event "2023 National K-12 Grade Championships"]
[Site "Orlando, Florida, United States"]
[Date "2023.12.16"]
[Round "3.15"]
[White "Boydell, Oliver"]
[Black "Liu, Eric Chang"]
[Result "0-1"]
[TimeControl "G/90;d10"]
[WhiteElo "1870"]
[BlackElo "2377"]

1. e4 {[%clk 01:29:29]} {[%emt 00:00:41]} c5 {[%clk 01:30:00]} {[%emt
00:00:05]} 2. Nf3 {[%clk 01:29:29]} {[%emt 00:00:08]} d6 {[%clk 01:30:00]}
{[%emt 00:00:05]} 3. d4 {[%clk 01:29:29]} {[%emt 00:00:02]} cxd4 {[%clk
01:30:00]} {[%emt 00:00:07]} 4. Nxd4 {[%clk 01:29:29]} {[%emt 00:00:04]} Nf6
{[%clk 01:30:00]} {[%emt 00:00:05]} 5. Nc3 {[%clk 01:29:29]} {[%emt 00:00:02]}
a6 {[%clk 01:30:00]} {[%emt 00:00:07]} 6. Bg5 {[%clk 01:28:49]} {[%emt
00:00:49]} e6 {[%clk 01:24:34]} {[%emt 00:05:37]} 7. Qf3 {[%clk 01:26:29]}
{[%emt 00:02:29]} Be7 {[%clk 01:24:07]} {[%emt 00:00:38]} 8. Bd3 {[%clk
01:24:20]} {[%emt 00:02:18]} Qc7 {[%clk 01:19:45]} {[%emt 00:04:33]} 9. O-O
{[%clk 01:22:21]} {[%emt 00:02:08]} Nbd7 {[%clk 01:18:07]} {[%emt 00:01:49]} 10.
a4 {[%clk 01:20:42]} {[%emt 00:01:49]} b6 {[%clk 01:04:32]} {[%emt 00:13:45]}
11. Qe2 {[%clk 01:16:22]} {[%emt 00:04:28]} Bb7 {[%clk 01:00:10]} {[%emt
00:04:34]} 12. Rfe1 {[%clk 01:08:45]} {[%emt 00:07:47]} O-O {[%clk 00:56:55]}
{[%emt 00:03:25]} 13. Bh4 {[%clk 01:03:27]} {[%emt 00:05:26]} Rfe8 {[%clk
00:53:54]} {[%emt 00:03:12]} 14. Bg3 {[%clk 00:59:48]} {[%emt 00:03:49]} g6
{[%clk 00:51:16]} {[%emt 00:02:49]} 15. h3 {[%clk 00:53:57]} {[%emt 00:05:58]}
Nc5 {[%clk 00:43:16]} {[%emt 00:08:12]} 16. Rac1 {[%clk 00:46:38]} {[%emt
00:07:27]} Qd7 {[%clk 00:36:21]} {[%emt 00:07:07]} 17. b3 {[%clk 00:44:26]}
{[%emt 00:02:23]} Rac8 {[%clk 00:31:05]} {[%emt 00:05:26]} 18. f3 {[%clk
00:39:37]} {[%emt 00:04:59]} e5 {[%clk 00:29:49]} {[%emt 00:01:26]} 19. Nf5
{[%clk 00:36:18]} {[%emt 00:03:26]} gxf5 {[%clk 00:29:43]} {[%emt 00:00:18]} 20.
exf5 {[%clk 00:36:13]} {[%emt 00:00:15]} Nh5 {[%clk 00:27:12]} {[%emt
00:02:41]} 21. Bh2 {[%clk 00:34:15]} {[%emt 00:02:07]} Nf4 {[%clk 00:22:15]}
{[%emt 00:05:08]} 22. Bxf4 {[%clk 00:33:28]} {[%emt 00:00:58]} exf4 {[%clk
00:22:15]} {[%emt 00:00:05]} 23. Ne4 {[%clk 00:32:14]} {[%emt 00:01:23]} d5
{[%clk 00:22:09]} {[%emt 00:00:16]} 24. Rcd1 {[%clk 00:30:42]} {[%emt
00:01:41]} Nxd3 {[%clk 00:18:38]} {[%emt 00:03:42]} 25. Rxd3 {[%clk 00:30:05]}
{[%emt 00:00:47]} Bc5+ {[%clk 00:18:00]} {[%emt 00:00:48]} 26. Kh2 {[%clk
00:27:47]} {[%emt 00:02:26]} Qxf5 {[%clk 00:18:00]} {[%emt 00:00:09]} 0-1